| 000 | 00552nam a22001937a 4500 | ||
|---|---|---|---|
| 003 | OSt | ||
| 005 | 20140310182954.0 | ||
| 008 | 130207t xxu||||| |||| 00| 0 eng d | ||
| 020 | _a9710852477 | ||
| 050 |
_aHD 58.7 _b.M386 1992 |
||
| 100 | _aMartires, Concepcion Rodil | ||
| 245 |
_aHuman behavior in organizations / _cConcepcion Rodil Martires |
||
| 260 |
_aMandaluyong City : _bNational Bookstore, _c1992. |
||
| 300 |
_a246 p. : _c22 cm. _bill. ; |
||
| 521 | _aBSBA | ||
| 650 | _aOrganizational behavior | ||
| 942 |
_2lcc _cBK _kLOC |
||
| 999 |
_c17967 _d17967 |
||